| 000 | 00503 a2200169 4500 | ||
|---|---|---|---|
| 020 | _a 8129704668 | ||
| 040 | _aDLC | ||
| 082 | _a004.21 | ||
| 100 | _aHeuring, Vincent P. | ||
| 245 |
_aComputer systems design and architecture _cVincent P, Heuring. |
||
| 250 | _a2nd ed. | ||
| 260 |
_aUpper Saddle River, NJ : _bPearson/Prentice Hall, _c 2004. |
||
| 300 |
_axvi , 592 p : _bill. _c2004. |
||
| 500 | _aIncludes Index | ||
| 650 | _a1.System design. 2.Computer architecture. | ||
| 942 |
_cBK _k004.21 HEU _2ddc |
||
| 999 |
_c5423 _d5423 |
||